000 00844nas a2200289 4500
001 BR0304814
003 BR-BrBNA
005 20231205104120.0
007 ta
008 230509b bl.|||p| |||| 00| 00por d
040 _aBR-BrBNA
_bpor
_cBiblioteca Nacional de Agricultura
041 _a(Pt)
072 _aK10; U40
100 1 _aSimões, L.B.
100 1 _aRibeiro, F.L.
100 1 _aDainese, R.C.
100 1 _aCardoso, L.G.
100 1 _aCampos, S.
245 1 _aÁreas prioritárias para a restauração da mata ripária no Sudeste do Brasil
650 _aMATA
650 _aSENSORIAMENTO REMOTO
650 _aREFLORESTAMENTO
650 _aSUDESTE
773 0 _tScientia Forestalis (Brazil)
_xISSN 1413-9324
_g(Jun 2002), (no. 61) p. 113-121
_wBR0304814
909 _a202311
_bLúcia
_c55
_dLúcia Elande
942 _2AGRIS
_n0
_cANA
999 _c176446
_d176446